| 000 | 00344nam a2200133Ia 4500 | ||
|---|---|---|---|
| 008 | 191201s2005 xx 000 0 und d | ||
| 082 |
_a005.133 _bROI |
||
| 100 | _aROWE, Glenn W | ||
| 245 | 0 | _aIntroduction to Data Structures and Algorithms with C++ | |
| 260 |
_aN.Delhi _bPHI _c2005 |
||
| 300 | _a370 | ||
| 650 | _aB.Tech(CSE) | ||
| 942 |
_2ddc _cBK |
||
| 999 |
_c1117 _d1117 |
||